Most famous classical music pieces - Statistics

General Stats
  • This quiz has been taken 41 times
  • The average score is 4 of 10
Answer Stats
Hint Answer % Correct
Piano piece, famous piece by Beethoven Fur Elise
79%
Piano piece, third movement of the suite “Suite Bergamasque” Clair de Lune
59%
Well-known piece by pachelbel, always used in weddings Canon in D
56%
A series of violin concertos, composed by Vivaldi Four Seasons
56%
Violin piece, E minor, took six years to complete Mendelssohn violin concerto
36%
Cello piece, E minor, composed after the first world war Elgar cello concerto
33%
A famous opera by Mozart Marriage of Figaro
21%
A symphony which is named 'The surprise' Haydn symphony 94
15%
Symphony which name is a planet Mozart Symphony 41
13%
Cello piece, Eb major, composed for famous cellist Rostropovich Shostakovich cello concerto
13%
No matching quizzes found
Score Distribution
Percent of People with Each Score
Percentile by Number Answered
Your Score History
You have not taken this quiz